000
00380nam a2200133Ia 4500
008
151001s9999||||xx |||||||||||||| ||und||
100
_a
सी गो प्रभू
245
_a
स्वातंत्र्य यज्ञ
250
_a
1
260
_b
त्रिदल प्रकाशन मुंबई
260
_c
1983
300
_a
88
365
_b
18
999
_c
981891
_d
981888